00298cam a22001097a 4500008004000000082001100040100001900051245005200070260003500122300000900157650002200166180718b1957 xxu||||| |||| 00| 0 eng d aF1 Y86 aYoung, Kimball aHandbook of social psychologycby Kimball Young aLondonbRoutledge & Paulc1957 a632p aSocial psychology